Ekonomická štatistika priemyslu

Salvato in:
Dettagli Bibliografici
Autore principale: Kozíková, Emília
Ente Autore: Vysoká škola ekonomická v Bratislave. Fakulta riadenia
Altri autori: Souček, Eduard
Natura: Libro
Lingua:slovacco
Pubblicazione: Bratislava VŠE 1983
Tags: Aggiungi Tag
Nessun Tag, puoi essere il primo ad aggiungerne!!

MARC

LEADER 00000nam a2200000 4500
001 c115481
005 20221220084917.1
041 0 |a slo 
044 |a SK 
245 1 0 |a Ekonomická štatistika priemyslu  |c Emília Kozíková, Eduard Souček 
264 1 |a Bratislava  |b VŠE  |c 1983 
300 |a 242 s. 
100 1 |a Kozíková, Emília 
700 1 |a Souček, Eduard 
710 2 |a Vysoká škola ekonomická v Bratislave. Fakulta riadenia